Statistics for Name a Valid Roman Emperor

Click here to take the quiz!

General Stats

  • This quiz has been taken 33 times
  • The average score is 9 of 13

Answer Stats

Name an emperor ...Answer% Correct
who lived before the birth of JesusAugustus | Tiberius | Galba | Claudius
100%
who was the predecessor or successor to an emperor named ClaudiusCaligula | Nero | Galleinus | Quintillus
92%
who is considered to be one of the 5 good emperorsNerva | Trajan | Hadrian | Antoninus Pius | Marcus Aurelius
88%
who reigned for more than 30 yearsTheodosius II | Constantine I | Augustus
88%
who was born between 300 and 325 ADConstantine II | Constans I | Constantius II
72%
who committed suicideNero | Otho | Gordian I | Quintillus | Valentinian II
72%
who was (probably) born in HispaniaTrajan | Hadrian | Theodosius I | Arcadius
68%
who was killed in battleValens | Constantine II | Trajan Decius | Gordian II | Gordian III | Herennius Etruscus | Julian | Philip the Arab
68%
who had Ctesiphon (the Parthian capital) occupied/sackedTrajan | Lucius Verus | Septimius Severus
60%
who survived the fall of the western empire, having been a western Roman emperorGlycerius | Julius Nepos | Romulus Augustus
56%
from the Flavian dynastyVespasian | Titus | Domitian
52%
who reigned for less than 2 monthsDiadumenian | Gordian I | Gordian II | Herennius Etruscus | Hostilian | Aemelianus | Quintillus
40%
who purchased the title of emperorDidius Julianus
16%

Score Distribution

Percentile by Number Answered

Percent of People with Each Score

Your Score History

You have not taken this quiz